Building Construction (Record no. 245703)

MARC details
000 -LEADER
fixed length control field 00346pam a2200145 a 4500
020 ## - INTERNATIONAL STANDARD BOOK NUMBER
International Standard Book Number 978-93-80358-76-5
Terms of availability
041 ## - LANGUAGE CODE
Language code of original
082 ## - DEWEY DECIMAL CLASSIFICATION NUMBER
Classification number 624
100 ## - MAIN ENTRY--PERSONAL NAME
Personal name Sharma S.A.
Relator term Author
245 ## - TITLE STATEMENT
Title Building Construction
Statement of responsibility, etc. Sharma S.A.
Medium Textual Documents
250 ## - EDITION STATEMENT
Edition statement 31th Ed.
260 ## - PUBLICATION, DISTRIBUTION, ETC.
Name of publisher, distributor, etc. Charptar Publication
Date of publication, distribution, etc. 2013
300 ## - PHYSICAL DESCRIPTION
Extent 760
930 ## - EQUIVALENCE OR CROSS-REFERENCE-UNIFORM TITLE HEADING [LOCAL, CANADA]
Uniform title 1956
Holdings
Withdrawn status Lost status Damaged status Not for loan Collection Home library Current library Date acquired Source of acquisition Cost, normal purchase price Total Checkouts Full call number Barcode Date last seen Copy number Price effective from Koha item type
          College of Engineering, Lavale, Pune College of Engineering, Lavale, Pune 01/01/1900 BMSGB Ltd. 240.00   624 ECL-04742 03/04/2023 1 03/04/2023 Book